000 00249nam a2200121 i 4500
001 bg
245 0 _aKonstrukcje spawane.
260 _aGdaƄsk,
_c1985.
040 _cBPK
041 _apol
942 _cKS
008 s pl f |000 0 pol
999 _c3176
_d3176
856 _uhttp://koha.tu.koszalin.pl/cgi-bin/koha/opac-detail.pl?biblionumber=3176
_yKatalog online BPK